The river between (Record no. 1402)

000 -LEADER
fixed length control field 00497nam a22001937a 4500
003 - CONTROL NUMBER IDENTIFIER
control field OSt
005 - DATE AND TIME OF LATEST TRANSACTION
control field 20141005135512.0
008 - FIXED-LENGTH DATA ELEMENTS--GENERAL INFORMATION
fixed length control field 141005b xxu||||| |||| 00| 0 eng d
020 ## - INTERNATIONAL STANDARD BOOK NUMBER
International Standard Book Number 9789966255281
050 ## - LIBRARY OF CONGRESS CALL NUMBER
Classification number PR 9381.9.N45R5 2007
100 ## - MAIN ENTRY--PERSONAL NAME
Personal name Ngugi wa Thiong'o
245 ## - TITLE STATEMENT
Title The river between
Statement of responsibility, etc Ngugi wa Thiong'o
250 ## - EDITION STATEMENT
Edition statement School edition
260 ## - PUBLICATION, DISTRIBUTION, ETC. (IMPRINT)
Place of publication, distribution, etc Nairobi
Name of publisher, distributor, etc East African Educational Publishers
Date of publication, distribution, etc 2007
300 ## - PHYSICAL DESCRIPTION
Extent 148 p.
650 ## - SUBJECT ADDED ENTRY--TOPICAL TERM
Topical term or geographic name as entry element Kenya
655 ## - INDEX TERM--GENRE/FORM
Genre/form data or focus term Fiction
942 ## - ADDED ENTRY ELEMENTS (KOHA)
Source of classification or shelving scheme
Koha item type Book
Holdings
Withdrawn status Lost status Source of classification or shelving scheme Damaged status Not for loan Home library Current library Shelving location Date acquired Total Checkouts Total Renewals Full call number Barcode Date last seen Date checked out Copy number Price effective from Koha item type
          Riara University Library Riara University Library General stack 05/10/2014 6 2 PR 9381.9.N45R5 2007 4982/14 12/02/2018 09/02/2018 C.1 05/10/2014 Book

Riara University Library,
P.O. Box 49940-00100,
Nairobi, Kenya.